Harmonizácia priamych daní v Európskej únii bakalárska práca

Guardado en:
Detalles Bibliográficos
Autor principal: Smižanský, Tomáš
Autor Corporativo: Fakulta podnikového manažmentu EU. Katedra podnikových financií
Otros Autores: Ďurinová, Ivona, 1964-
Formato: Libro
Lenguaje:eslovaco
Publicado: Bratislava 2010
Etiquetas: Agregar Etiqueta
Sin Etiquetas, Sea el primero en etiquetar este registro!

MARC

LEADER 00000nbm a2200000 4500
001 0133417
005 20161109111525.6
041 0 |a slo 
044 |a SK 
245 1 0 |a Harmonizácia priamych daní v Európskej únii  |b bakalárska práca  |c Tomáš Smižanský ; školiteľ: Ivona Ďurinová 
264 1 |a Bratislava  |c 2010 
300 |a 45 s. 
100 1 |a Smižanský, Tomáš 
700 1 |a Ďurinová, Ivona, 1964- 
710 2 |a Fakulta podnikového manažmentu EU. Katedra podnikových financií